Reports of the commission for agricultural costs and prices (Record no. 692228)

MARC details
000 -LEADER
fixed length control field 00754nam a2200241Ia 4500
003 - CONTROL NUMBER IDENTIFIER
control field OSt
005 - DATE AND TIME OF LATEST TRANSACTION
control field 20220927105359.0
008 - FIXED-LENGTH DATA ELEMENTS--GENERAL INFORMATION
fixed length control field 220926b |||||||| |||| 00| 0 eng d
037 ## - SOURCE OF ACQUISITION
Terms of availability Reference Collections
040 ## - CATALOGING SOURCE
Original cataloging agency RTL
Transcribing agency RTL
Language of cataloging eng
041 ## - LANGUAGE CODE
Source of code eng
Language code of text/sound track or separate title eng
110 ## - MAIN ENTRY--CORPORATE NAME
Corporate name or jurisdiction name as entry element "INDIA, AGRICULTURE (M/o-)"
9 (RLIN) 372105
245 #0 - TITLE STATEMENT
Title Reports of the commission for agricultural costs and prices
Remainder of title For the crops sown during 2009-10 season
260 ## - PUBLICATION, DISTRIBUTION, ETC.
Place of publication, distribution, etc. New
Name of publisher, distributor, etc. Delhi Govt. of India
Date of publication, distribution, etc. 2010
300 ## - PHYSICAL DESCRIPTION
Extent 523p
Dimensions cm.
700 ## - ADDED ENTRY--PERSONAL NAME
Personal name "INDIA, AGRICULTURE (M/o-)"
9 (RLIN) 372106
942 ## - ADDED ENTRY ELEMENTS (KOHA)
Classification part "X9(JB):76.2r, GD"
Koha item type
Holdings
Withdrawn status Lost status Damaged status Not for loan Home library Current library Date acquired Total Checkouts Full call number Barcode Date last seen Price effective from Koha item type
        Ratan Tata Library Ratan Tata Library 2022-09-27   "X9(JB):76.2r GD" RT1361890 2022-09-27 2022-09-27  
Copyright @ Delhi University Library System